Statystyki dla Przypadki gramatyczne języka polskiego

Kliknij tutaj aby rozwiązać quiz!

Ogólne statystyki

  • Ten quiz został rozwiązany 176 razy
  • Średni wynik to 7 z 7

Statystyki odpowiedzi

Przypadek% Poprawnych
Mianownik
100%
Wołacz
99%
Celownik
98%
Dopełniacz
98%
Biernik
95%
Miejscownik
90%
Narzędnik
89%

Rozkład punktacji

Percentyl według liczby udzielonych odpowiedzi

Procent ludzi z każdym wynikiem

Twoja historia wyników

Nie rozwiązałeś tego quizu